Tratado elemental de química general y aplicada / (Record no. 32853)

MARC details
000 -LEADER
campo de control de longitud fija 00687nam a2200205 i 4500
001 - NÚMERO DE CONTROL
campo de control 32853
003 - IDENTIFICADOR DE NÚMERO DE CONTROL
campo de control ES-MaACL
005 - FECHA Y HORA DE LA ÚLTIMA TRANSACCIÓN
campo de control 20250723094624.0
007 - CAMPO FIJO DE DESCRIPCIÓN FÍSICA--INFORMACIÓN GENERAL
campo de control de longitud fija t|
008 - DATOS DE LONGITUD FIJA--INFORMACIÓN GENERAL
campo de control de longitud fija 030131s1924 sp ||||1| spa d
100 1# - ENTRADA PRINCIPAL--NOMBRE DE PERSONA
Nombre de persona Bermejo y Vida, Luis.
9 (RLIN) 28120
245 10 - MENCIÓN DEL TÍTULO
Título Tratado elemental de química general y aplicada /
Mención de responsabilidad, etc. por Luis Bermejo y Vida ; con prólogo de José R. Carracido.
250 ## - MENCION DE EDICION
Mención de edición 3ª ed.
260 ## - PUBLICACIÓN, DISTRIBUCIÓN, ETC.
Lugar de publicación, distribución, etc. Barcelona :
Nombre del editor, distribuidor, etc. Pubul,
Fecha de publicación, distribución, etc. 1924 (
Fabricante Mariano Galve)
300 ## - DESCRIPCIÓN FÍSICA
Extensión XI, 921 p., [2] h. de lám. col. :
Otras características físicas il. ;
Dimensiones 25 cm.
650 #7 - PUNTO DE ACCESO ADICIONAL DE MATERIA--TÉRMINO DE MATERIA
Término de materia o nombre geográfico como elemento de entrada Química
Fuente del encabezamiento o término embne
9 (RLIN) 16625
700 1# - ENTRADA AGREGADA--NOMBRE PERSONAL
Nombre de persona Rodríguez Carracido, José,
Fechas asociadas al nombre 1856-1928
9 (RLIN) 98407
852 ## - LOCALIZACIÓN
Ubicación ES-MaACL
Número de control de estantería B-5287
Holdings
Estatus retirado Estado de pérdida Estado de daño No para préstamo Biblioteca de origen Biblioteca actual Ubicación en estantería Fecha de adquisición Fuente de adquisición Total de préstamos Signatura topográfica completa Código de barras Visto por última vez Precio de reemplazo Tipo de ítem Koha
        Biblioteca del Ateneo de Madrid Biblioteca del Ateneo de Madrid Sala Pardo Bazán 17/01/2008     B-5287 1034100 23/02/2023 23/02/2023 Libro impreso